Statistics for 历任韩国总统 President of South Korea

Click here to take the quiz!

General Stats

  • This quiz has been taken 145 times
  • The average score is 10 of 13

Answer Stats

在任时间总统% Correct
1963-1979朴正熙
95%
2013-2017朴槿惠
92%
2017-2022文在寅
89%
1980-1988全斗焕
87%
1948-1960李承晚
84%
2003-2008卢武铉
80%
2008-2013李明博
80%
2022-今尹锡悦
80%
1988-1993卢泰愚
75%
1998-2003金大中
74%
1993-1998金泳三
66%
1979-1980崔圭夏
56%
1960-1962尹潽善
42%

Score Distribution

Percentile by Number Answered

Percent of People with Each Score

Your Score History

You have not taken this quiz